| 000 | 01164nam a22003017a 4500 | ||
|---|---|---|---|
| 003 | DO-SdBNP | ||
| 005 | 20250128104959.0 | ||
| 008 | 150929b2010 sp a 00| 0 spa d | ||
| 020 | _a9788449438387(o.c.) | ||
| 040 |
_aBPMSU _bspa _cBPMSU |
||
| 082 | 4 |
_a372.4 _bB616a 2010 _222 |
|
| 100 | 1 | _aBiosca, Anna | |
| 245 | 1 | 0 |
_aAprendo a leer con los cuentos / _c Anna Biosca ; dirección José Gay _b |
| 260 |
_aBarcelona : _bOcéano, _c2010 |
||
| 300 |
_a 3 v. : _bil., + DVD ; _c28 cm. |
||
| 490 | 0 | _aCrecer y prender con Disney | |
| 505 | _a Contenido: V.1 El mejor papá del mundo, la fiesta de la bella y la bestia, la escuela de genios -- V.2 El desfile de los dálmatas, simba aprende a cazar, ¿Qué es ese ruido? -- ¿Qué hacemos con Boo?, el regalo de Flik, Buzz en el planeta de las burbujas | ||
| 590 | _aInventariado, 2024/VM | ||
| 650 | 4 |
_aLectura _xEnseñanza primaria |
|
| 650 | 4 | _aCuentos infantiles | |
| 650 | 4 | _a Educación preescolar | |
| 650 | 4 | _aNarración de cuentos | |
| 650 | 4 | _aLectura recreativa | |
| 700 | 1 |
_aGay, José _edirección |
|
| 710 | 0 | _aDisney | |
| 910 | _aVMateo V. Control de calidad. BPMSU | ||
| 942 |
_2ddc _cBK |
||
| 999 |
_c14774 _d14774 |
||